Normal view
MARC view
- Austin, John Langshaw
Entry Personal Name
001 - CONTROL NUMBER
- control field: 10924
003 - CONTROL NUMBER IDENTIFIER
- control field: OSt
005 - DATE AND TIME OF LATEST TRANSACTION
- control field: 20260225124221.0
008 - FIXED-LENGTH DATA ELEMENTS
- fixed length control field: 260225|| aca||aabn | a|a d
040 ## - CATALOGING SOURCE
- Original cataloging agency: OSt
- Transcribing agency: OSt
100 ## - HEADING--PERSONAL NAME
- Personal name: Austin, John Langshaw
670 ## - SOURCE DATA FOUND
- Source citation: Work cat.: (OSt)757033: Austin, John Langshaw, Precision farming in horticulture /, c2026.
